Datum a čas kvízu
40.5
Celkem bodů
Celkový počet nahraných bodů na tomto kvízu bez doplňovacích otázek.
3.
Pořadí na kvízu
Konečné umístění týmu na tomto kvízu.
Zaznamenané odpovědi
| # | Otázka | Odpověď | Body | Výsledky |
|---|---|---|---|---|
| 1. | Který živočich si minulý týden... | labuť | 1 | |
| 2. | Ze kterého důvodu zrušil minul... | C | 1 | |
| 3. | 78 dní byla na vrcholu žebříčk... | Stranger Things | 1 | |
| 4. | Na technologickém veletrhu CES... | Tamagoči | 1 | |
| 5. | Minulý týden proběhl nejdražší... | Matyáš Vojta | 1 | |
| 6. | Téma o městě, které nikdy nesp... | Flatiron (Building)/žehlička | 1 | |
| 7. | Seřaďte uvedené události od té... | 1A 2B 3D 4C | 0 | |
| 8. | Jak se jmenuje tato americká h... | Beastie Boys; No Sleep till Brooklyn | 1 | |
| 9. | Turisté v NYC míří nejen do di... | 1A 2D 3C 4B | 1 | |
| 10. | Jak se jmenuje fiktivní město,... | Gotham (City); Bronx | 1 |